| 000 | 01688cab a2200229 4500 | ||
|---|---|---|---|
| 001 | L136146 | ||
| 008 | 070115n2006 000 0 eng u | ||
| 035 | _a(Sirsi) u136146 | ||
| 041 | 0 | _aeng | |
| 245 | 0 | 0 | _aRJ Knapman v Richards and others |
| 260 | _c2006 | ||
| 520 | _a[2006] EWHC 2518 (TCC), 12 October 2006. By contract, the claimant engaged the defendant to build two detached houses. The adjudicator found that elements of the work were unsatisfactory and incomplete. An application was made by the claimant's contractors to enforce an adjudicator's decision in their favour for a certain sum for unfinished work, together with interest accruing from the date of the adjudicator's decision. The application was opposed by the defendants on the grounds that the claimant was seeking to enforce part of the decision and to repudiate the rest, and that it is submitted that the defendants have a legitimate set-off arising out of the adjudicator's decision which extinguishes the claim. "Held": the adjudicator agreed that the sums claimed should be awarded, but did not reach any definitive conclusion as to the full extension of time due to the claimant. | ||
| 590 | _aKA | ||
| 650 | 2 | 4 | _aVHE CONSTRUCTION PLC V RBSTB TRUST CO LTD |
| 650 | 2 | 4 | _aDAVID MCLEAN HOUSING CONTRACTORS LTD V SWANSEA HOUSING ASSOCIATION LTD |
| 650 | 2 | 4 | _aFERSON CONTRACTORS LTD V LEVOLUX AT LTD |
| 650 | 2 | 4 | _aBALFOUR BEATTY CONSTRUCTION V SERCO LTD |
| 651 | 4 | _aDEVON | |
| 690 | _aBUILT ENVIRONMENT-BUILDING CONTRACT FORMS-STANDARD FORMS OF BUILDING CONTRACT | ||
| 856 | 4 | 0 |
_uhttps://www.bailii.org/ew/cases/EWHC/TCC/2006/2518.html _zView the item free of charge at www.bailii.org... |
| 942 | _n0 | ||
| 999 |
_c78157 _d78157 |
||